20 Largest Cities in New Jersey - Statistics

General Stats
  • This quiz has been taken 48 times
  • The average score is 10 of 20
Answer Stats
Population City % Correct
282k Newark
98%
256k Jersey City
93%
82k Trenton
93%
131k Elizabeth
79%
73k Camden
77%
144k Paterson
74%
51k Hoboken
58%
65k Bayonne
49%
84k Clifton
47%
69k Passaic
47%
89k Toms River
44%
55k New Brunswick
42%
58k Vineland
37%
64k East Orange
35%
67k Union City
30%
43k Hackensack
28%
56k Lakewood
28%
52k West New York
26%
50k Perth Amboy
23%
49k Plainfield
14%
No matching quizzes found
Score Distribution
Percent of People with Each Score
Percentile by Number Answered
Your Score History
You have not taken this quiz